000 00332nam a2200121Ia 4500
008 191206s9999 xx 000 0 und d
090 _aQK882.H4
245 0 _aphysiological aspects of photosynthesis
260 _aStanford University Press
260 _cc1969
300 _a"x, 310 p. illus. 23 cm."
999 _c16683
_d16683